<?xml version="1.0" encoding="UTF-8"?>
<marc:record xmlns:marc="http://www.loc.gov/MARC21/slim">
   <marc:leader>00000nam a2200000 a 4500</marc:leader>
   <marc:datafield ind1="1" ind2=" " tag="100">
      <marc:subfield code="a">Hoffsümmer, Willi</marc:subfield>
      <marc:subfield code="4">edt</marc:subfield>
      <marc:subfield code="e">Bearbeiter/-in</marc:subfield>
   </marc:datafield>
   <marc:datafield ind1=" " ind2=" " tag="653">
      <marc:subfield code="a">Erzählung</marc:subfield>
   </marc:datafield>
   <marc:datafield ind1=" " ind2=" " tag="653">
      <marc:subfield code="a">Vorlesen</marc:subfield>
   </marc:datafield>
   <marc:datafield ind1=" " ind2=" " tag="653">
      <marc:subfield code="a">Gottesdienst</marc:subfield>
   </marc:datafield>
   <marc:datafield ind1=" " ind2=" " tag="653">
      <marc:subfield code="a">Gemeindearbeit</marc:subfield>
   </marc:datafield>
   <marc:datafield ind1=" " ind2=" " tag="653">
      <marc:subfield code="a">Altenarbeit</marc:subfield>
   </marc:datafield>
   <marc:datafield ind1=" " ind2=" " tag="653">
      <marc:subfield code="a">Beispielsammlung</marc:subfield>
   </marc:datafield>
   <marc:datafield ind1="0" ind2="0" tag="245">
      <marc:subfield code="a">Dankbarkeit erhebt die Seele</marc:subfield>
   </marc:datafield>
   <marc:datafield ind1="0" ind2="0" tag="245">
      <marc:subfield code="b">120 Geschichten zum Vorlesen für Gottesdienst und Seniorenarbeit</marc:subfield>
   </marc:datafield>
   <marc:datafield ind1="0" ind2="0" tag="245">
      <marc:subfield code="c">Willi Hoffsümmer (Hg.)</marc:subfield>
   </marc:datafield>
   <marc:datafield ind1=" " ind2="1" tag="264">
      <marc:subfield code="a">Ostfildern</marc:subfield>
      <marc:subfield code="b">Matthias-Grünewald-Verl.</marc:subfield>
      <marc:subfield code="c">2011</marc:subfield>
   </marc:datafield>
   <marc:datafield ind1="1" ind2=" " tag="520">
      <marc:subfield code="a">Angaben aus der Verlagsmeldung

Dankbarkeit erhebt die Seele : 120 Geschichten zum Vorlesen für Gottesdienst und Seniorenarbeit / von Willi Hoffsümmer

Geschichten für ältere Menschen
Alte Menschen lieben Geschichten. Sie wecken Erinnerungen, laden zum Weitererzählen ein oder dienen als »Türöffner« für das gemeinsame Gespräch. Nicht selten weiten Geschichten den Blick und stimmen dankbar für das eigene Leben mit seinen Höhen und Tiefen.
Willi Hoffsümmer hat für sein Vorlesebuch 120 Geschichten zusammengestellt und benutzerfreundlich aufbereitet. Die Texte sind thematisch geordnet und mit einer kurzen Hinführung versehen. Angaben zur Vorlesedauer und ein Stichwortregister helfen, schnell das Geeignete zu finden. // Eine Fundgrube für alle, die in der Seniorenarbeit gerne Geschichten einsetzen.
</marc:subfield>
   </marc:datafield>
   <marc:datafield ind1=" " ind2=" " tag="020">
      <marc:subfield code="a">9783786728559</marc:subfield>
      <marc:subfield code="9">9783786728559</marc:subfield>
   </marc:datafield>
   <marc:datafield ind1=" " ind2=" " tag="041">
      <marc:subfield code="a">ger</marc:subfield>
   </marc:datafield>
   <marc:datafield ind1=" " ind2=" " tag="300">
      <marc:subfield code="a">166 S.</marc:subfield>
   </marc:datafield>
</marc:record>
